000 00514nam a22001937a 4500
003 OSt
005 20160704185537.0
008 160704b xxu||||| |||| 00| 0 eng d
020 _a9780230537699
040 _cDDC
082 _a150 WAT 2008
100 _aWatkins, Mary; Shulman, Helene
_99938
245 _aTowards Psychologies of Liberation
260 _aLondon; Palgrave, 2008
300 _axii,380p; ill: 22cm
504 _aReferences, & indice included
650 _aPschology
_99939
942 _2z
_cO_SHELF
999 _c4626
_d4626